Editing in Brief / (Record no. 7673)
[ view plain ]
| 000 -LEADER | |
|---|---|
| fixed length control field | 01792cam a2200313 i 4500 |
| 001 - CONTROL NUMBER | |
| JCCL Control Number | 7673 |
| 003 - CONTROL NUMBER IDENTIFIER | |
| JCCL marc code | BD-JhCC |
| 005 - DATE AND TIME OF LATEST TRANSACTION | |
| control field | 20181003175926.0 |
| 008 - FIXED-LENGTH DATA ELEMENTS--GENERAL INFORMATION | |
| fixed length control field | 160302s2016 dcu o 000 0 eng |
| 035 ## - SYSTEM CONTROL NUMBER | |
| system control number | (BD-JhCC)7673 |
| 040 ## - CATALOGING SOURCE | |
| Original cataloging agency | NLM |
| Description conventions | rda |
| Transcribing agency | NLM |
| Modifying agency | OCLCO |
| -- | OCLCA |
| -- | MYG |
| -- | BD-JhCC |
| 041 ## - LANGUAGE CODE | |
| Language code of Book | eng |
| 060 00 - NATIONAL LIBRARY OF MEDICINE CALL NUMBER | |
| Classification number | QU 550.5.G47 |
| 082 ## - DEWEY DECIMAL CLASSIFICATION NUMBER | |
| Author mark and Year | GIL 1977 |
| Classification number | 070.41 |
| 100 1# - MAIN ENTRY--PERSONAL NAME | |
| Personal name | Gilmore, Gene |
| 245 ## - TITLE STATEMENT | |
| Title | Editing in Brief / |
| Statement of responsibility, etc | Gene Gilmore and Robert Root |
| 250 ## - EDITION STATEMENT | |
| Edition statement | 2nd ed. |
| 260 ## - PUBLICATION, DISTRIBUTION, ETC. (IMPRINT) | |
| Place of publication, distribution, etc | Francisco : |
| Name of publisher, distributor, etc | Boyd and fraser. |
| Date of publication, distribution, etc | 1977 |
| 300 ## - PHYSICAL DESCRIPTION | |
| Pagination | 1 online resource (1 PDF file (8 pages)) |
| 520 3# - SUMMARY, ETC. | |
| Summary, etc | New biochemical tools have made it possible to change the DNA sequences of living organisms with unprecedented ease and precision. These new tools have generated great excitement in the scientific and medical communities because of their potential to advance biological understanding, alter the genomes of microbes, plants, and animals, and treat human diseases. They also have raised profound questions about how people may choose to alter not only their own DNA but the genomes of future generations. To explore the many questions surrounding the use of gene editing tools in humans, the U.S. National Academy of Sciences, the U.S. National Academy of Medicine, the Royal Society, and the Chinese Academy of Sciences hosted an international summit in December 2015 to present and deliberate on the scientific, ethical, legal, social, and governance issues associated with human gene editing. |
| 650 ## - SUBJECT ADDED ENTRY--TOPICAL TERM | |
| Topical term or geographic name as entry element | Journalism |
| 650 ## - SUBJECT ADDED ENTRY--TOPICAL TERM | |
| Topical term or geographic name as entry element | Journalism--Study and teaching |
| 700 ## - ADDED ENTRY--PERSONAL NAME | |
| Personal name | Root, Robert |
| 856 40 - ELECTRONIC LOCATION AND ACCESS | |
| Materials specified | National Academies Press |
| Uniform Resource Identifier | http://www.nap.edu/catalog/21913 |
| 942 ## - ADDED ENTRY ELEMENTS (KOHA) | |
| Source of classification or shelving scheme | Dewey Decimal Classification |
| Koha item type | Books |
| 946 ## - LOCAL PROCESSING INFORMATION (OCLC) | |
| m | NAP |
| 949 #1 - LOCAL PROCESSING INFORMATION (OCLC) | |
| 1 | Internet Access |
| a | n |
| b | NET |
| h | **See URL(s) |
| o | 8 |
| x | 02 |
| Source of classification or shelving scheme | Damaged status | Not for loan | Home library | Current library | Shelving location | Total Checkouts | Full call number | Barcode | Date last seen | Copy number | Koha item type |
|---|---|---|---|---|---|---|---|---|---|---|---|
| Dewey Decimal Classification | JCC Rouf Library | JCC Rouf Library | General Stacks | 070.41 GIL 1977 | 10304 | 02/13/2018 | C -1 | Books |